| 000 | 00320nam a2200109Ia 4500 | ||
|---|---|---|---|
| 008 | 220204s9999 xx 000 0 und d | ||
| 082 |
_a382.6(058) _bDIR |
||
| 245 | 0 | _aDirectory of exporters of Indian produce and manufacturers | |
| 250 | _aEd.14 | ||
| 260 |
_aCalcutta _bDept of Commercial Intelligence _c1961 |
||
| 942 | _cBK | ||
| 999 |
_c19883 _d19883 |
||